| 000 | 01059nam0a22002651 4500 | ||
|---|---|---|---|
| 001 | rc\989215 | ||
| 005 | 20260407122851.0 | ||
| 035 | _a(NLR Aleph) 006156561 | ||
| 090 |
_a5818023 _c5818023 |
||
| 100 | _a20041129d1981 |||y0rusy50 ca | ||
| 101 | 0 | _arus | |
| 102 | _aRU | ||
| 105 | _ay ||||||||| | ||
| 200 | 1 |
_aДобровольная болезнь _e(О сущности, последствиях и новых методах лечения алкоголизма) _eТекст лекции _f[Подгот. Гулямов М.Г.] |
|
| 210 |
_aДушанбе _cО-во "Знание" ТаджССР _d1981 |
||
| 215 |
_a21 с. _d21 |
||
| 300 | _aАвт. указан в вып. дан. | ||
| 300 | _aВ надзаг.: О-во "Знание" ТаджССР | ||
| 700 | 1 |
_aГулямов _bМ.Г. _gМинхож Гулямович |
|
| 712 | 0 | 2 |
_a"Знание", общество ТаджССР _cДушанбе _3RU\NLR\AUTH\889960143 _9416537 |
| 801 | 0 |
_aRU _bNLR _gpsbo |
|
| 801 | 1 |
_aRU _bELAR _2rusmarc |
|
| 852 |
_aNLR _j81-4/24958 |
||
| 942 | _cBOOK | ||
| 980 | _aNB | ||